| 000 | 00806nam a22002177a 4500 | ||
|---|---|---|---|
| 999 |
_c16610 _d16610 |
||
| 003 | AR-CdUCM | ||
| 008 | 190504b ||||| |||| 00| 0 spa d | ||
| 040 |
_aMUNICIPALIDAD PROVINCIAL DEL CUSCO _cBIBLIOTECA MUNICIPAL DEL CUSCO |
||
| 082 |
_24ed. _a108 / _bB39 |
||
| 100 |
_aBerkeley, George _929835 |
||
| 245 |
_aTres diálogos entre hilas y filonus : _bEn oposición a escépticos y ateos / |
||
| 260 |
_aBuenos Aires : _bAguilar, _c1963. |
||
| 300 |
_a167 páginas ; _c16 cm. |
||
| 505 | _aContenido : Noticia bibliográfica -- Cronología de las obras de Berkeley -- Tres diálogos entre hilas y filonus ... | ||
| 650 |
_aBiografía _922 |
||
| 650 |
_aFilosofía _9395 |
||
| 650 |
_aSiglo XX _98 |
||
| 700 |
_aMasegosa, A. P. (Traducción) _936156 |
||
| 942 |
_2ddc _cLIBROS |
||
| 945 |
_arah _d04/05/2019 |
||